000 01310cam a22004094a 4500
001 muse68291
003 MdBmJHUP
005 20210127151329.0
006 m o d
007 cr||||||||nn|n
008 710329s1970 miu o 00 0 eng d
010 _z 69010525
020 _a9780814344019
020 _z0814313825
020 _z9780814344026
035 _a(OCoLC)1111962780
040 _aMdBmJHUP
_cMdBmJHUP
050 0 4 _aBM501.2
_b.G85 1970
082 0 _a296.1/23
100 1 _aGuttmann, Alexander.
245 1 0 _aRabbinic Judaism in the Making
_bThe Halakhah from Ezra to Judah I
264 1 _bWayne State University Press,
264 3 _bProject MUSE,
300 _a1 online resource (xx, 323 p.)
504 _aBibliography: p. 298-309.
506 0 _aOpen Access
_fUnrestricted online access
_2star
588 _aDescription based on print version record.
650 0 _aTannaim.
655 7 _aElectronic books.
_2local
710 2 _aProject Muse.
_edistributor
830 0 _aBook collections on Project MUSE.
856 4 0 _zFull text available:
_uhttps://muse.jhu.edu/book/67403/
999 _c25419
_d25419